000 00631nam a2200241Ia 4500
003 OSt
005 20220918200825.0
006 a|||||r|||| 00| 0
007 ta
008 220917b |||||||| |||| 00| 0 eng d
024 _a90,454
037 _cTextual
040 _aARTS
_cARTS
_beng
041 _2eng
_aeng
082 _aU8:6wN04, K1
100 _aGreene Graham
245 0 _aIn search of a character
_b two African journals
260 _aLondon
_bBodley Head UK
_c1961
300 _a123p
_ccm.
650 _aGEOGRAPHY
942 _hU8:6wN04, K1
_cTEXL
_2CC
999 _c214117
_d214117